000
00349nam a2200133Ia 4500
003
GCL
008
140319s9999 xx 000 0 ara d
040
_a
GCL /
_c
GCL
082
0
4
_a
189
_b
ع ع
245
1
0
_a
العقل والحضارة
260
_a
[S.N] :
_b
دار التنوير للطباعة والنشر ،
_c
1987
300
_a
135 ص
490
_a
999
_c
35389
_d
35389